LEADER 01063nam a2200265 i 4500 001 000000163474 003 CaOOAMICUS 005 20211018111616.0 008 070730s1970 it u000 u ita u 013 $a140838 040 $aSeMil$bita 100 1 $aValentini, Alvaro.$0(OLS)http://semarc/name/56105 245 10$aSemantica dei poeti :$bUngaretti e Montale /$cAlvaro Valentini. 264 1$aRoma :$bBulzoni,$cstampa 1970. 300 $a126 p. ;$c22 cm. 490 1 $aBiblioteca di cultura ;$v10 600 14$aMontale, Eugenio <1896-1981>.$0(OLS)http://semarc/subject/2226 600 14$aUngaretti, Giuseppe <1888-1970>.$0(OLS)http://semarc/subject/2846 830 0$aBiblioteca di cultura ;$v10.$0(OLS)http://semarc/title/6149 850 $aSeMil 852 $aSeMil$W1$xVenegono$y1$m1O V 309$j248956$B114768$CSeMilBibl$Z2$F125583 $81 961 $aRecupero: Altro 996 $6245$aSemantica dei poeti :$bUngaretti e Montale$9(OLS)http://semarc/title/233224 996 $6264$aRoma :$bBulzoni$9(OLS)http://semarc/publisher/30302 LEADER 00968nam a2200265 i 4500 001 000000116926 003 CaOOAMICUS 005 20030703000000.0 008 030703s1983 it u000 u ita u 013 $a89615 040 $aSeMil$bita 100 1 $aCorbin, Henry,$d<1903-1978>.$0(OLS)http://semarc/name/8649 245 12$aL'immagine del tempio /$cHenry Corbin. 260 $aTorino :$bBoringhieri,$ccopyr. 1983. 300 $a299 p., [12] c. di tav. ;$c23 cm. 490 0 $aSaggi 500 $aFondo Card. C.M. Martini. 650 4$aReligione e filosofia.$0(OLS)http://semarc/subject/9253 830 0$aSaggi.$0(OLS)http://semarc/title/341 850 $aSeMil 852 $aSeMil$W1$xVenegono$y1$m2R IV 46$j72326$B72326$CSeMilBibl$Z2$F101662 $81 941 1 $a4 961 $aOmaggio: Martini Card. Carlo Maria 996 $6245$aL'immagine del tempio$9(OLS)http://semarc/title/171523 996 $6260$aTorino :$bBoringhieri$9(OLS)http://semarc/publisher/30229